000 00608cam a22001815a 4500
001 ##L134169
008 060713s1945 000 0 eng u
035 _a(Sirsi) u134169
041 0 _aeng
050 0 4 _a331.2166 $2 18
110 2 _aRoyal Institution of Chartered Surveyors
_94900
245 0 0 _aScale of charges for quantity surveyors' services in connection with site lay-out works for housing schemes
260 _aLondon
_bRICS
_c1945
300 _a2p.
_c21cm.
651 4 _aGreat Britain
_y1707-
690 _aABOUT RICS-RICS MEMBERS-CHARTERED SURVEYORS-CHARTERED QUANTITY SURVEYORS
942 _n0
999 _c105579
_d105579